[Event "COL-ch sf"]
[Site "Pereira"]
[Date "2024.03.27"]
[Round "3"]
[White "Marin, Alejandro"]
[Black "Andrade Salcedo, Jorge Mario"]
[Result "1/2-1/2"]
[WhiteElo "2010"]
[BlackElo "1726"]
[PlyCount "108"]
[EventDate "2024.03.26"]
[EventType "swiss"]
[EventRounds "11"]
[EventCountry "COL"]
[SourceTitle "CB14_2024"]
[SourceDate "2024.04.01"]
[SourceVersion "1"]
[SourceVersionDate "2024.04.01"]
[SourceQuality "1"]

1. e4 e6 2. d4 d5 3. Nc3 Nf6 4. Bg5 Be7 5. e5 Nfd7 6. Bxe7 Qxe7 7. f4 a6 8. Qd2 c5 9. Nf3 Nc6 10. dxc5 Qxc5 11. Bd3 0-0 12. 0-0-0 f6 13. exf6 Nxf6 14. h3 Nb4 15. g4 Bd7 16. Rhe1 Rae8 17. Ne5 d4 18. Ne4 Nxe4 19. Bxe4 Nxa2+ 20. Kb1 Nc3+ 21. Kc1 Ba4 22. Qxd4 Qxd4 23. Rxd4 Nxe4 24. Rexe4 Bb5 25. c4 Rc8 26. b3 Bc6 27. Re3 b5 28. Rd6 Bd5 29. f5 bxc4 30. b4 c3 31. Nd7 Rf7 32. Nb6 Rcc7 33. Nxd5 exd5 34. Rxd5 g6 35. fxg6 Rf1+ 36. Rd1 Rf2 37. gxh7+ Kxh7 38. Red3 Rff7 39. Rd5 c2 40. Re1 Rc3 41. Rc5 Rxh3 42. Rxc2 Rf4 43. Rc6 Rxg4 44. Re7+ Rg7 45. Rxg7+ Kxg7 46. Rxa6 Kf7 47. Kc2 Ke7 48. Rc6 Kd7 49. Rc4 Rh6 50. Kb3 Rc6 51. b5 Rxc4 52. Kxc4 Kc7 53. Kc5 Kb7 54. b6 Kb8 1/2-1/2

[Event "Medellin Flores op 22nd"]
[Site "Medellin"]
[Date "2015.08.08"]
[Round "6"]
[White "Marin, Alejandro"]
[Black "Ardila, Oscar Humberto"]
[Result "1-0"]
[WhiteElo "1998"]
[BlackElo "2102"]
[PlyCount "75"]
[EventDate "2015.08.05"]
[EventType "swiss"]
[EventRounds "9"]
[EventCountry "COL"]
[SourceTitle "EXT 2016"]
[Source "ChessBase"]
[SourceDate "2015.10.08"]
[SourceVersion "1"]
[SourceVersionDate "2015.10.08"]
[SourceQuality "1"]

1. e4 e5 2. Nf3 Nf6 3. Nxe5 d6 4. Nf3 Nxe4 5. Nc3 Nf6 6. d4 Be7 7. Bd3 Bg4 8. h3 Bh5 9. g4 Bg6 10. Bf4 Nc6 11. Qd2 Nb4 12. Bxg6 hxg6 13. 0-0-0 Nbd5 14. Nxd5 Nxd5 15. Kb1 Qd7 16. c4 Nf6 17. d5 0-0 18. Nd4 Rfe8 19. f3 c5 20. Ne2 b5 21. cxb5 Qxb5 22. Nc3 Qb4 23. h4 Rab8 24. Rde1 Rb7 25. g5 Reb8 26. Rxe7 Rxe7 27. gxf6 Reb7 28. Bxd6 Rd8 29. Bf4 gxf6 30. Re1 a5 31. Ka1 a4 32. a3 Qb3 33. Ne4 Rb6 34. d6 Kg7 35. Bh6+ Kh8 36. Nxf6 Qxf3 37. Bf8 Qxf6 38. Be7 1-0

[Event "Dosquebrad op 1st"]
[Site "Dosquebrad"]
[Date "2013.12.13"]
[Round "4"]
[White "Marin, Alejandro"]
[Black "Lotero, Camilo"]
[Result "1-0"]
[WhiteElo "1943"]
[BlackElo "2130"]
[PlyCount "71"]
[EventDate "2013.12.11"]
[EventType "swiss"]
[EventRounds "9"]
[EventCountry "COL"]
[SourceTitle "CBM 158 Extra"]
[Source "ChessBase"]
[SourceDate "2014.02.28"]
[SourceVersion "1"]
[SourceVersionDate "2014.02.28"]
[SourceQuality "1"]

1. e4 g6 2. d4 Bg7 3. Nc3 d6 4. Nf3 a6 5. Bc4 e6 6. Bb3 Ne7 7. 0-0 h6 8. h3 0-0 9. Be3 b5 10. a3 Bb7 11. Qd2 Kh7 12. Nh2 Nd7 13. d5 e5 14. f4 f5 15. Nf3 fxe4 16. Nxe4 Nf5 17. fxe5 Nxe3 18. Qxe3 Nxe5 19. Nd4 Bc8 20. Rxf8 Qxf8 21. Rf1 Qe7 22. c3 Bd7 23. Bc2 Nc4 24. Qg3 Be5 25. Nf6+ Qxf6 26. Rxf6 Bxg3 27. Rf7+ Kg8 28. Rxd7 Re8 29. Ne6 Nb6 30. Rg7+ Kh8 31. Bxg6 Rc8 32. Rxc7 Rxc7 33. Nxc7 Nc4 34. Nxa6 Nxb2 35. Nc7 Na4 36. Nxb5 1-0

[Event "Bogota McGregor op 4th"]
[Site "Bogota"]
[Date "2013.12.08"]
[Round "9"]
[White "Marin, Alejandro"]
[Black "Rozo Pulido, Claudia Magally"]
[Result "1-0"]
[WhiteElo "1943"]
[BlackElo "1515"]
[PlyCount "49"]
[EventDate "2013.12.04"]
[EventType "swiss"]
[EventRounds "9"]
[EventCountry "COL"]
[SourceTitle "CBM 157 Extra"]
[Source "ChessBase"]
[SourceDate "2013.12.19"]
[SourceVersion "1"]
[SourceVersionDate "2013.12.19"]
[SourceQuality "1"]

1. e4 c5 2. Nf3 d6 3. d4 cxd4 4. Nxd4 Nf6 5. f3 a6 6. c4 e6 7. Nc3 Qc7 8. Be3 Be7 9. Be2 Nbd7 10. Qd2 Ne5 11. b3 b6 12. 0-0 Bb7 13. Rac1 0-0 14. Rfd1 Rac8 15. h3 Ned7 16. b4 Qb8 17. a3 d5 18. cxd5 exd5 19. exd5 Nxd5 20. Nxd5 Bxd5 21. Rxc8 Qxc8 22. Nf5 Bf6 23. Qxd5 Ne5 24. Qxe5 Bxe5 25. Ne7+ 1-0

[Event "Bogota McGregor op 4th"]
[Site "Bogota"]
[Date "2013.12.06"]
[Round "5"]
[White "Marin, Alejandro"]
[Black "Peinado, Edwin Halley"]
[Result "0-1"]
[WhiteElo "1943"]
[BlackElo "2121"]
[PlyCount "70"]
[EventDate "2013.12.04"]
[EventType "swiss"]
[EventRounds "9"]
[EventCountry "COL"]
[SourceTitle "CBM 157 Extra"]
[Source "ChessBase"]
[SourceDate "2013.12.19"]
[SourceVersion "1"]
[SourceVersionDate "2013.12.19"]
[SourceQuality "1"]

1. e4 c6 2. d4 d5 3. f3 e6 4. Nc3 Bb4 5. e5 Ne7 6. a3 Ba5 7. f4 Bxc3+ 8. bxc3 b6 9. Qg4 g6 10. Be3 Nf5 11. Bf2 h5 12. Qd1 Ba6 13. Bxa6 Nxa6 14. Qd3 Nc7 15. Nf3 Qe7 16. 0-0 Kf8 17. c4 Kg7 18. a4 dxc4 19. Qxc4 Nd5 20. Qd3 Nxf4 21. Qe4 Nd5 22. c4 Nb4 23. Be1 h4 24. Bd2 Rh5 25. a5 Rd8 26. axb6 axb6 27. Rfb1 c5 28. Bxb4 cxb4 29. Ra8 Rhh8 30. Ra6 Qd7 31. Rd1 Qc7 32. d5 Qc5+ 33. Kh1 Ng3+ 34. hxg3 hxg3+ 35. Nh4 g5 0-1

[Event "Risaralda Province-ch"]
[Site "Pereira"]
[Date "2013.12.01"]
[Round "6"]
[White "Marin, Alejandro"]
[Black "Saladen Dulce, Rafael"]
[Result "1/2-1/2"]
[WhiteElo "1943"]
[BlackElo "2230"]
[PlyCount "63"]
[EventDate "2013.11.27"]
[EventType "swiss"]
[EventRounds "7"]
[EventCountry "COL"]
[SourceTitle "EXT 2018"]
[Source "ChessBase"]
[SourceDate "2017.10.13"]
[SourceVersion "1"]
[SourceVersionDate "2017.10.13"]
[SourceQuality "1"]

1. e4 e6 2. d4 d5 3. Nc3 h6 4. Nf3 Nf6 5. Bd3 Bb4 6. e5 Ne4 7. Bd2 Bxc3 8. bxc3 Nxd2 9. Qxd2 c5 10. 0-0 Nc6 11. Bb5 Qa5 12. a4 Bd7 13. dxc5 Rc8 14. Rfb1 0-0 15. Bxc6 Bxc6 16. Qd4 a6 17. h3 Qc7 18. Ne1 f6 19. f4 fxe5 20. fxe5 Be8 21. Nd3 Bg6 22. Nf4 Bf7 23. Ra3 Qxc5 24. Qxc5 Rxc5 25. Rxb7 Rfc8 26. a5 g5 27. Ne2 Rc4 28. Nd4 Rxc3 29. Rxc3 Rxc3 30. Rb6 Re3 31. Nxe6 Rxe5 32. Nd4 1/2-1/2

[Event "Risaralda Province-ch"]
[Site "Pereira"]
[Date "2013.11.30"]
[Round "4"]
[White "Marin, Alejandro"]
[Black "Escobar Forero, Alder"]
[Result "0-1"]
[WhiteElo "1943"]
[BlackElo "2455"]
[PlyCount "86"]
[EventDate "2013.11.27"]
[EventType "swiss"]
[EventRounds "7"]
[EventCountry "COL"]
[SourceTitle "EXT 2018"]
[Source "ChessBase"]
[SourceDate "2017.10.13"]
[SourceVersion "1"]
[SourceVersionDate "2017.10.13"]
[SourceQuality "1"]

1. e4 c5 2. Nf3 Nc6 3. d4 cxd4 4. Nxd4 e5 5. Nb5 d6 6. N1c3 a6 7. Na3 Nf6 8. Bg5 Be6 9. Nc4 Rc8 10. Nd5 Bxd5 11. exd5 Ne7 12. Bxf6 gxf6 13. Ne3 f5 14. c4 Qa5+ 15. Qd2 Qxd2+ 16. Kxd2 Bh6 17. g3 Rg8 18. Be2 f4 19. gxf4 Bxf4 20. Rag1 Kd7 21. b3 f5 22. Bh5 Rcf8 23. Ke2 Ng6 24. Rg2 Ke7 25. Rhg1 Kf6 26. a4 Rg7 27. a5 Rfg8 28. Kd2 Rc7 29. Kc3 e4 30. b4 Rgg7 31. Kb3 Bh6 32. Bxg6 Rxg6 33. Nc2 Bf4 34. Nd4 Bxh2 35. Rxg6+ hxg6 36. Rh1 Rh7 37. c5 dxc5 38. bxc5 g5 39. Kc4 g4 40. Rb1 f4 41. Rb6+ Kg5 42. Re6 e3 43. fxe3 f3 0-1

[Event "Risaralda Province-ch"]
[Site "Pereira"]
[Date "2013.11.29"]
[Round "3"]
[White "Lotero, Camilo"]
[Black "Marin, Alejandro"]
[Result "0-1"]
[WhiteElo "2130"]
[BlackElo "1943"]
[PlyCount "52"]
[EventDate "2013.11.27"]
[EventType "swiss"]
[EventRounds "7"]
[EventCountry "COL"]
[SourceTitle "EXT 2018"]
[Source "ChessBase"]
[SourceDate "2017.10.13"]
[SourceVersion "1"]
[SourceVersionDate "2017.10.13"]
[SourceQuality "1"]

1. d4 d5 2. Nf3 Nf6 3. e3 g6 4. Bd3 Bg7 5. 0-0 0-0 6. Nbd2 b6 7. b3 Ba6 8. c4 c5 9. Bb2 Nc6 10. Rc1 Rc8 11. a3 Qd7 12. cxd5 Bxd3 13. dxc6 Qd6 14. dxc5 bxc5 15. Nc4 Bxc4 16. Rxc4 Rxc6 17. Qc2 Rfc8 18. Rd1 Qc7 19. Ne5 Rd6 20. Rc1 Rd5 21. Nd3 Qd6 22. Bxf6 Bxf6 23. Nxc5 Rd2 24. Qb1 Bb2 25. Rd4 Rxc5 26. Rxc5 Bxd4 0-1

[Event "COL-ch U20"]
[Site "Bogota"]
[Date "2008.05.26"]
[Round "7.17"]
[White "Avellaneda, Jonathan"]
[Black "Marin, Alejandro"]
[Result "0-1"]
[WhiteElo "1691"]
[BlackElo "1600"]
[PlyCount "56"]
[EventDate "2008.05.23"]
[EventType "swiss"]
[EventRounds "7"]
[EventCountry "COL"]
[SourceTitle "EXT 2024"]
[Source "ChessBase"]
[SourceDate "2023.10.10"]
[SourceVersion "1"]
[SourceVersionDate "2023.10.10"]
[SourceQuality "1"]

1. e4 c5 2. Nf3 d6 3. d4 cxd4 4. Nxd4 Nf6 5. Nc3 a6 6. Be2 e5 7. Nf3 h6 8. 0-0 Be6 9. Be3 Be7 10. h3 Nc6 11. Bd3 d5 12. exd5 Nxd5 13. Nxd5 Bxd5 14. Be2 0-0 15. c3 Be6 16. Re1 Qc7 17. Bf1 Rad8 18. Nd2 f5 19. f3 Bh4 20. Bf2 Bxf2+ 21. Kxf2 e4 22. Qc1 Qb6+ 23. Kg3 Qg1 24. f4 Rf6 25. Bc4 Rd3+ 26. Bxd3 Rg6+ 27. Kh4 Qf2+ 28. Kh5 Bf7 0-1

[Event "COL-ch U20"]
[Site "Bogota"]
[Date "2008.05.25"]
[Round "5.16"]
[White "Lopez Idarraga, Daniel Eduardo"]
[Black "Marin, Alejandro"]
[Result "1-0"]
[WhiteElo "1748"]
[BlackElo "1600"]
[PlyCount "81"]
[EventDate "2008.05.23"]
[EventType "swiss"]
[EventRounds "7"]
[EventCountry "COL"]
[SourceTitle "EXT 2024"]
[Source "ChessBase"]
[SourceDate "2023.10.10"]
[SourceVersion "1"]
[SourceVersionDate "2023.10.10"]
[SourceQuality "1"]

1. d4 d5 2. Nc3 e6 3. e4 dxe4 4. Nxe4 Nf6 5. Bg5 Be7 6. Bd3 Nbd7 7. Nf3 h6 8. Bxf6 Nxf6 9. 0-0 0-0 10. Ne5 Nxe4 11. Bxe4 Bf6 12. f4 Bd7 13. Bxb7 Rb8 14. Qf3 Ba4 15. c3 Qd6 16. b3 Bb5 17. Rfe1 c5 18. Be4 cxd4 19. Rad1 Qa6 20. a4 Be8 21. cxd4 Qb6 22. Qf2 Rd8 23. Rd3 Bd7 24. d5 exd5 25. Qxb6 axb6 26. Rxd5 Be6 27. Rb5 Rd6 28. Rc1 Rd4 29. Re1 Rd6 30. Bf3 Rc8 31. h3 Rc2 32. Kh2 Rd4 33. Re4 Rd6 34. Reb4 Bd8 35. f5 Bc8 36. Nc4 Rd3 37. Be4 Bc7+ 38. Ne5 Rdd2 39. Bxc2 f6 40. Rc4 Bb7 41. Rxc7 1-0